000 00638nam a2200205 i 4500
001 86739
003 ES-MaACL
005 20250727033922.0
007 t|
008 041215q1919 fr ||||1| fre d
100 1 _aKautsky, Karl.
_967661
245 1 0 _aTerrorisme et communisme
_b: contribution á l'histoire des révolutions /
_cKarl Kautsky ; traduit par N. Stchoupak.
260 _aParis :
_b[J. Povolozky,
_c1919] (
_fImp. Union)
300 _a244 p. ;
_c20 cm.
650 4 _aTerrorismo.
_917488
650 7 _aComunismo
_2embne
_911211
700 1 _aStchoupak, N.
_9107959
852 _aES-MaACL
_jF-1922
999 _c86739
_d86739